Sämtliche Werke

Guardat en:
Dades bibliogràfiques
Autor principal: Hegel, Georg Wilhelm Friedrich (autor)
Format: Llibre
Idioma:alemany
Publicat: Stuttgart Frommanns 1957
Edició:2a. ed
Matèries:
Etiquetes: Afegir etiqueta
Sense etiquetes, Sigues el primer a etiquetar aquest registre!

MARC

LEADER 00000nam a2200000 a 4500
001 UCZ4522
003 CL-VaPUC
008 951110e19570000GW |||||||||||||||||ger|d
082 0 4 |a 193  |b HEG  |2 21 
100 |a Hegel, Georg Wilhelm Friedrich  |e autor  |9 580639 
245 1 0 |a Sämtliche Werke 
250 |a 2a. ed 
300 |a v 
942 |c BK 
945 |d 19951110 00:00:00  |a cmena 
260 |a Stuttgart  |b Frommanns  |c 1957 
500 |a v.1: A - Leibniz 
500 |a v.2: Leibniz - Z 
650 0 |a Idealismo  |9 265685 
650 0 |a Escuelas filosóficas   |9 266232 
650 0 |a Filosofía alemana   |9 265002 
650 0 |a Diccionarios  |9 256200 
650 0 |a Glosarios  |9 261047 
583 |a last modification  |c 19951110 00:00:00  |k Rodrigo Vera 
999 |c 240895  |d 240893 
952 |0 0  |1 0  |4 0  |6 193_000000000000000_HEG_1957  |7 0  |8 P  |9 252993  |a BIBEDU  |b BIBEDU  |c BIBEDU_PB  |d 2019-11-19  |h v.1  |i 2551071  |o 193 HEG 1957  |p 2551071  |r 2024-01-25  |w 2019-11-19  |y BK  |k FIL 
952 |0 0  |1 0  |4 0  |6 193_000000000000000_HEG_1957  |7 0  |8 P  |9 252994  |a BIBEDU  |b BIBEDU  |c BIBEDU_PB  |d 2019-11-19  |h v.1  |i 2849283  |o 193 HEG 1957  |p 2849283  |r 2024-01-25  |w 2019-11-19  |y BK  |k FIL 
952 |0 0  |1 0  |4 0  |6 193_000000000000000_HEG_1957  |7 0  |8 P  |9 252995  |a BIBEDU  |b BIBEDU  |c BIBEDU_PB  |d 2019-11-19  |h v.2  |i 2849291  |o 193 HEG 1957  |p 2849291  |r 2024-01-25  |w 2019-11-19  |y BK  |k FIL